000
00307nam a2200109Ia 4500
005
20251222143153.0
008
251222s9999||||xx |||||||||||||| ||spa||
082
_a
372.372/C81
245
0
_a
Formación y Orientación para El Amor y La Sexualidad
264
_b
Comisión Episcopal de la Familia
942
_c
LIB
999
_c
12778
_d
12778